Statistics for Non-Asian Countries on the Jetpunk Asia Map

Click here to take the quiz!

General Stats

  • This quiz has been taken 192 times
    (183 since last reset)
  • The average score is 32 of 33

Answers on the Map

Answers color-coded by a green-red scale on the quiz's map according to % correct below.
 

Answer Stats

Non-Asian Countries% Correct
Egypt
100%
Ethiopia
100%
Russia
100%
Somalia
100%
Ukraine
100%
Belarus
99%
Bulgaria
99%
Democratic Republic of the Congo
99%
Djibouti
99%
Eritrea
99%
Kenya
99%
Moldova
99%
Papua New Guinea
99%
Romania
99%
South Sudan
99%
Sudan
99%
Tanzania
99%
Uganda
99%
Burundi
98%
Central African Republic
98%
Greece
97%
Latvia
97%
Lithuania
97%
Malawi
97%
Mozambique
97%
Rwanda
97%
Seychelles
97%
Zambia
97%
Micronesia
96%
Palau
95%
Comoros
94%
Australia
92%
Libya
56%

Score Distribution

Percentile by Number Answered

Percent of People with Each Score

Your Score History

You have not taken this quiz since the last reset